Vplyv súčasnej ekonomickej krízy na toky priamych zahraničných investícií (na príklade firiem ropného priemyslu) diplomová práca

Enregistré dans:
Détails bibliographiques
Auteur principal: Hlušková, Tatiana, 1987-
Collectivité auteur: Obchodná fakulta EU. Katedra medzinárodného obchodu
Autres auteurs: Krajčík, Daniel, 1981-
Format: Livre
Langue:slovaque
Publié: Bratislava 2011
Tags: Ajouter un tag
Pas de tags, Soyez le premier à ajouter un tag!

MARC

LEADER 00000nam a2200000 4500
001 0147587
005 20240627105359.2
041 0 |a slo 
044 |a SK 
245 1 0 |a Vplyv súčasnej ekonomickej krízy na toky priamych zahraničných investícií (na príklade firiem ropného priemyslu)  |b diplomová práca  |c Tatiana Hlušková ; školiteľ: Daniel Krajčík 
264 1 |a Bratislava  |c 2011 
300 |a 87 s. 
100 1 |a Hlušková, Tatiana, 1987- 
700 1 |a Krajčík, Daniel, 1981- 
710 2 |a Obchodná fakulta EU. Katedra medzinárodného obchodu